Science Quiz

Random Science or Math Quiz

Mathematical Sorting Blitz Quiz Stats

 Plays Quiz not verified by Sporcle

Support Sporcle.
Go Orange.
Score 0/24 Timer 03:00
0 Plays Today
% Correct
???
75.9%
???
70.7%
???
64%
???
61.3%
???
61%
???
60.2%
???
58.7%
???
56.1%
???
55.5%
???
51.3%
???
51%
???
49.6%
% Correct
???
48.2%
???
45.3%
???
43.2%
???
42.1%
???
39.9%
???
34.5%
???
33.4%
???
32%
???
29%
???
28.6%
???
26.5%
???
25%

You're not logged in!

Compare scores with friends on all Sporcle quizzes.
OR
Log In

From the Vault

EU Member by Letter

by NO_r_WAY

Being part of the EU is kind of like being invited to sit at the cool kids' table at lunch.
Remove Ads.
Support Sporcle.
Get the best of Sporcle when you Go Orange. This ad-free experience offers more features, more stats, and more fun while also helping to support Sporcle. Thank you for becoming a member.

Show Comments

Extras

Created Feb 18, 2020Editor PickedReportNominate
Tags:Math Quiz

Top Quizzes Today


Score Distribution

Your Account Isn't Verified!

In order to create a playlist on Sporcle, you need to verify the email address you used during registration. Go to your Sporcle Settings to finish the process.

Report this User

Report this user for behavior that violates our Community Guidelines.

Details: